=LDR 00000nam 2200000 4500 =001 INLIS000000000008830 =005 20130612100643 =008 ***********************************Ind** =035 ##$$0010-061300000008830 =041 ##$$a Ind =082 ##$$a 372 =090 ##$$a 372, Luk p =100 ##$$a Lukman,H.D =245 ##$$a Pelajaran bahada indonesia untuk SD sesuai kurikulum 1994, H.D. Lukman =260 ##$$a 2002 $b Jakarta =300 ##$$a ...jil, ilus, 25cm =650 ##$$a Bahasa indonesia(Pendidikan dasar) =850 ##$$a NBPNMAT